[Event "2025 National K-12 Grade Championship"]
[Site "Spokane, WI USA, United States"]
[Date "2025.12.14"]
[Round "6.28"]
[White "Dande, Ridhaan"]
[Black "Liu, Taylor"]
[Result "1/2-1/2"]
[TimeControl "G/90; d10"]
[WhiteFideId "39998827"]
[BlackFideId "39994384"]
[WhiteElo "1703"]
[BlackElo "1550"]

1. d4 {[%clk 01:30:00]} {[%emt 00:00:06]} Nf6 {[%clk 01:30:00]} {[%emt
00:00:09]} 2. c4 {[%clk 01:30:00]} {[%emt 00:00:11]} e6 {[%clk 01:30:00]}
{[%emt 00:00:05]} 3. a3 {[%clk 01:30:00]} {[%emt 00:00:08]} c5 {[%clk
01:29:57]} {[%emt 00:00:14]} 4. Nf3 {[%clk 01:29:47]} {[%emt 00:00:22]} d5
{[%clk 01:28:11]} {[%emt 00:01:57]} 5. e3 {[%clk 01:29:07]} {[%emt 00:00:49]}
Nc6 {[%clk 01:27:55]} {[%emt 00:00:26]} 6. Nc3 {[%clk 01:28:20]} {[%emt
00:00:57]} Be7 {[%clk 01:27:32]} {[%emt 00:00:33]} 7. dxc5 {[%clk 01:28:05]}
{[%emt 00:00:25]} a5 {[%clk 01:26:00]} {[%emt 00:01:44]} 8. cxd5 {[%clk
01:27:12]} {[%emt 00:01:03]} exd5 {[%clk 01:25:51]} {[%emt 00:00:18]} 9. Bb5
{[%clk 01:27:09]} {[%emt 00:00:12]} Bxc5 {[%clk 01:25:04]} {[%emt 00:00:58]} 10.
h3 {[%clk 01:26:11]} {[%emt 00:01:08]} O-O {[%clk 01:24:51]} {[%emt 00:00:24]}
11. O-O {[%clk 01:25:49]} {[%emt 00:00:31]} Be6 {[%clk 01:24:15]} {[%emt
00:00:46]} 12. Bxc6 {[%clk 01:24:42]} {[%emt 00:01:17]} bxc6 {[%clk 01:24:15]}
{[%emt 00:00:09]} 13. Nd4 {[%clk 01:24:27]} {[%emt 00:00:23]} Bxd4 {[%clk
01:23:59]} {[%emt 00:00:27]} 14. exd4 {[%clk 01:24:24]} {[%emt 00:00:12]} Qd7
{[%clk 01:22:24]} {[%emt 00:01:46]} 15. Qf3 {[%clk 01:22:53]} {[%emt 00:01:40]}
Rac8 {[%clk 01:21:21]} {[%emt 00:01:15]} 16. Bg5 {[%clk 01:22:21]} {[%emt
00:00:40]} Ne8 {[%clk 01:21:17]} {[%emt 00:00:15]} 17. Bf4 {[%clk 01:21:58]}
{[%emt 00:00:33]} Nd6 {[%clk 01:20:00]} {[%emt 00:01:27]} 18. Bxd6 {[%clk
01:20:01]} {[%emt 00:02:06]} Qxd6 {[%clk 01:20:00]} {[%emt 00:00:09]} 19. Rac1
{[%clk 01:20:00]} {[%emt 00:00:09]} c5 {[%clk 01:16:12]} {[%emt 00:04:01]} 20.
dxc5 {[%clk 01:17:51]} {[%emt 00:02:20]} Qxc5 {[%clk 01:13:13]} {[%emt
00:03:09]} 21. Qe2 {[%clk 01:16:47]} {[%emt 00:01:13]} d4 {[%clk 01:11:56]}
{[%emt 00:01:27]} 1/2-1/2

[Event "2025 National K-12 Grade Championship"]
[Site "Spokane, WI USA, United States"]
[Date "2025.12.14"]
[Round "6.29"]
[White "Yilanli, Mehmet"]
[Black "Neshvadian, Dario"]
[Result "0-1"]
[TimeControl "G/90; d10"]
[WhiteFideId "39959961"]
[WhiteElo "1959"]
[BlackElo "1345"]

1. d4 {[%clk 01:30:00]} {[%emt 00:00:02]} Nf6 {[%clk 01:30:00]} {[%emt
00:00:10]} 2. Bf4 {[%clk 01:30:00]} {[%emt 00:00:04]} g6 {[%clk 01:29:38]}
{[%emt 00:00:31]} 3. Nc3 {[%clk 01:30:00]} {[%emt 00:00:06]} Bg7 {[%clk
01:29:31]} {[%emt 00:00:17]} 4. e4 {[%clk 01:30:00]} {[%emt 00:00:07]} d6
{[%clk 01:28:53]} {[%emt 00:00:48]} 5. Qd2 {[%clk 01:30:00]} {[%emt 00:00:06]}
O-O {[%clk 01:28:25]} {[%emt 00:00:38]} 6. O-O-O {[%clk 01:30:00]} {[%emt
00:00:07]} Nbd7 {[%clk 01:28:02]} {[%emt 00:00:33]} 7. f3 {[%clk 01:29:55]}
{[%emt 00:00:14]} a6 {[%clk 01:27:46]} {[%emt 00:00:26]} 8. Bh6 {[%clk
01:29:55]} {[%emt 00:00:09]} b5 {[%clk 01:27:15]} {[%emt 00:00:41]} 9. h4
{[%clk 01:29:55]} {[%emt 00:00:08]} e5 {[%clk 01:24:55]} {[%emt 00:02:29]} 10.
d5 {[%clk 01:29:55]} {[%emt 00:00:09]} Kh8 {[%clk 01:18:11]} {[%emt 00:06:53]}
11. g4 {[%clk 01:28:00]} {[%emt 00:02:06]} Ng8 {[%clk 01:18:02]} {[%emt
00:00:20]} 12. Bxg7+ {[%clk 01:27:05]} {[%emt 00:01:05]} Kxg7 {[%clk 01:18:02]}
{[%emt 00:00:08]} 13. h5 {[%clk 01:27:01]} {[%emt 00:00:13]} h6 {[%clk
01:17:42]} {[%emt 00:00:30]} 14. hxg6 {[%clk 01:25:29]} {[%emt 00:01:42]} fxg6
{[%clk 01:17:41]} {[%emt 00:00:11]} 15. Qh2 {[%clk 01:25:03]} {[%emt 00:00:36]}
Qg5+ {[%clk 01:17:21]} {[%emt 00:00:31]} 16. Kb1 {[%clk 01:24:56]} {[%emt
00:00:16]} Nc5 {[%clk 01:17:11]} {[%emt 00:00:20]} 17. Nh3 {[%clk 01:23:47]}
{[%emt 00:01:19]} Qh4 {[%clk 01:16:40]} {[%emt 00:00:41]} 18. Qg2 {[%clk
01:19:53]} {[%emt 00:04:05]} Qf6 {[%clk 01:16:24]} {[%emt 00:00:25]} 19. Ng1
{[%clk 01:18:51]} {[%emt 00:01:12]} b4 {[%clk 01:13:11]} {[%emt 00:03:24]} 20.
Nce2 {[%clk 01:18:50]} {[%emt 00:00:11]} a5 {[%clk 01:13:04]} {[%emt 00:00:16]}
21. Ng3 {[%clk 01:18:02]} {[%emt 00:00:58]} a4 {[%clk 01:12:46]} {[%emt
00:00:28]} 22. Nh3 {[%clk 01:17:44]} {[%emt 00:00:28]} Qxf3 {[%clk 01:12:20]}
{[%emt 00:00:37]} 23. Nf5+ {[%clk 01:17:44]} {[%emt 00:00:06]} Rxf5 {[%clk
01:11:33]} {[%emt 00:00:56]} 24. gxf5 {[%clk 01:17:08]} {[%emt 00:00:45]} Qxd1#
{[%clk 01:10:56]} {[%emt 00:00:46]} 0-1

[Event "2025 National K-12 Grade Championship"]
[Site "Spokane, WI USA, United States"]
[Date "2025.12.14"]
[Round "6.30"]
[White "Pande, Aryan"]
[Black "Kulkarni, Samik"]
[Result "1/2-1/2"]
[TimeControl "G/90; d10"]
[WhiteFideId "39995801"]
[BlackFideId "39985105"]
[WhiteElo "1120"]
[BlackElo "1193"]

1. e4 {[%clk 01:30:00]} {[%emt 00:00:05]} e6 {[%clk 01:30:00]} {[%emt
00:00:09]} 2. d4 {[%clk 01:30:00]} {[%emt 00:00:03]} d5 {[%clk 01:30:00]}
{[%emt 00:00:08]} 3. e5 {[%clk 01:30:00]} {[%emt 00:00:04]} c5 {[%clk
01:29:56]} {[%emt 00:00:15]} 4. c3 {[%clk 01:30:00]} {[%emt 00:00:06]} Nc6
{[%clk 01:29:56]} {[%emt 00:00:06]} 5. Nf3 {[%clk 01:30:00]} {[%emt 00:00:05]}
Qb6 {[%clk 01:29:50]} {[%emt 00:00:15]} 6. Bd3 {[%clk 01:30:00]} {[%emt
00:00:06]} cxd4 {[%clk 01:29:45]} {[%emt 00:00:15]} 7. O-O {[%clk 01:30:00]}
{[%emt 00:00:06]} Bd7 {[%clk 01:28:44]} {[%emt 00:01:12]} 8. Re1 {[%clk
01:30:00]} {[%emt 00:00:05]} h6 {[%clk 01:14:23]} {[%emt 00:14:30]} 9. h4
{[%clk 01:29:41]} {[%emt 00:00:30]} a5 {[%clk 01:08:48]} {[%emt 00:05:45]} 10.
a4 {[%clk 01:29:07]} {[%emt 00:00:44]} Bc5 {[%clk 01:07:38]} {[%emt 00:01:18]}
11. Re2 {[%clk 01:27:19]} {[%emt 00:01:59]} Nge7 {[%clk 01:03:28]} {[%emt
00:04:18]} 12. Rd2 {[%clk 01:26:00]} {[%emt 00:01:31]} dxc3 {[%clk 01:00:47]}
{[%emt 00:02:50]} 13. Nxc3 {[%clk 01:25:29]} {[%emt 00:00:42]} Nb4 {[%clk
00:57:58]} {[%emt 00:02:59]} 14. Re2 {[%clk 01:23:58]} {[%emt 00:01:41]} Nxd3
{[%clk 00:56:05]} {[%emt 00:02:02]} 15. Qxd3 {[%clk 01:23:58]} {[%emt
00:00:07]} Nf5 {[%clk 00:52:12]} {[%emt 00:04:03]} 16. Kf1 {[%clk 01:22:15]}
{[%emt 00:01:53]} Bc6 {[%clk 00:45:08]} {[%emt 00:07:14]} 17. h5 {[%clk
01:19:35]} {[%emt 00:02:50]} Rd8 {[%clk 00:39:05]} {[%emt 00:06:13]} 18. Bf4
{[%clk 01:18:18]} {[%emt 00:01:27]} d4 {[%clk 00:31:14]} {[%emt 00:07:59]} 19.
Nb1 {[%clk 01:15:25]} {[%emt 00:03:05]} Qa6 {[%clk 00:28:01]} {[%emt 00:03:24]}
20. Qxa6 {[%clk 01:13:38]} {[%emt 00:01:57]} bxa6 {[%clk 00:28:01]} {[%emt
00:00:08]} 21. Rc2 {[%clk 01:12:48]} {[%emt 00:01:01]} Rd5 {[%clk 00:25:09]}
{[%emt 00:03:02]} 22. Ra2 {[%clk 01:10:37]} {[%emt 00:02:22]} d3 {[%clk
00:23:38]} {[%emt 00:01:39]} 23. Rc3 {[%clk 01:09:45]} {[%emt 00:01:02]} Ke7
{[%clk 00:21:17]} {[%emt 00:02:31]} 24. g4 {[%clk 01:09:29]} {[%emt 00:00:27]}
Nd4 {[%clk 00:19:05]} {[%emt 00:02:22]} 25. Nxd4 {[%clk 01:09:07]} {[%emt
00:00:32]} Rxd4 {[%clk 00:18:34]} {[%emt 00:00:39]} 26. Rxc5 {[%clk 01:09:00]}
{[%emt 00:00:19]} Bd5 {[%clk 00:18:14]} {[%emt 00:00:29]} 27. Rxd5 {[%clk
01:07:55]} {[%emt 00:01:15]} Rxd5 {[%clk 00:17:42]} {[%emt 00:00:41]} 28. b3
{[%clk 01:07:12]} {[%emt 00:00:55]} Rc8 {[%clk 00:15:56]} {[%emt 00:01:54]} 29.
Kg2 {[%clk 01:04:44]} {[%emt 00:02:40]} Rc2 {[%clk 00:14:16]} {[%emt 00:01:49]}
30. Rxc2 {[%clk 01:01:23]} {[%emt 00:03:31]} dxc2 {[%clk 00:14:16]} {[%emt
00:00:09]} 31. Na3 {[%clk 01:01:08]} {[%emt 00:00:26]} Rd4 {[%clk 00:11:49]}
{[%emt 00:02:36]} 32. Kg3 {[%clk 00:59:20]} {[%emt 00:01:58]} Rxf4 {[%clk
00:11:42]} {[%emt 00:00:15]} 33. Nxc2 {[%clk 00:59:05]} {[%emt 00:00:27]} Re4
{[%clk 00:10:00]} {[%emt 00:01:50]} 34. f4 {[%clk 00:58:51]} {[%emt 00:00:26]}
Re2 {[%clk 00:09:51]} {[%emt 00:00:19]} 35. Nd4 {[%clk 00:58:30]} {[%emt
00:00:32]} Re3+ {[%clk 00:09:30]} {[%emt 00:00:30]} 36. Kf2 {[%clk 00:58:25]}
{[%emt 00:00:15]} Rd3 {[%clk 00:09:30]} {[%emt 00:00:08]} 37. Nc6+ {[%clk
00:58:19]} {[%emt 00:00:16]} Kd7 {[%clk 00:08:52]} 1/2-1/2